000 00243nam a2200085Ia 4500
245 0 _aWilliam Shakespeare's The tempest
100 _a Conner, Daniel Edina, MN, [c.2009]
_979301
942 _cBK
008 210818s9999 xx 000 0 und d
999 _c438256
_d438255